00731nam a2200217 a 450000100100000000500170001000800410002702000150006804000250008308200230010810000450013124500810017625000220025726000400027930000180031949000420033750000320037965000220041165000360043383000440046900002184820200930011455.0100913s1993 sp r 000 f spa d a8420614092 aDO-SdBNPbspacBNPHU a863.6bT692g, 19931 aTorrente Ballester, Gonzalo,d1910-1999.10aLos gozos y las sombras :bLa Pascua triste /cGonzalo Torrente Ballester ;. a12a reimpresión aMadrid :bAlianza Editorial,c1993. av.3 ;c18 cm.1 aEl Libro de bolsilloaliteraturav409 aLa biblioteca posee el v. 3 4aNovela española 4aLiteratura españolaySIGLO XX 0aEl Libro de bolsillo ;pliteraturav409